[Event "Semriach op 12th"]
[Site "Semriach"]
[Date "2013.04.28"]
[Round "2"]
[White "Riha, Alexander"]
[Black "Ortner, Ronald"]
[Result "1-0"]
[WhiteElo "2064"]
[BlackElo "1883"]
[PlyCount "125"]
[EventDate "2013.04.27"]
[EventType "swiss"]
[EventRounds "5"]
[EventCountry "AUT"]
[SourceTitle "CBM 154 Extra"]
[Source "ChessBase"]
[SourceDate "2013.06.25"]
[SourceVersion "2"]
[SourceVersionDate "2013.06.25"]
[SourceQuality "1"]

1. d4 d5 2. c4 c6 3. Nc3 Nf6 4. Nf3 dxc4 5. a4 Na6 6. e3 Bg4 7. Bxc4 e6 8. 0-0 Nb4 9. b3 Be7 10. Bb2 0-0 11. Be2 Bf5 12. Ne1 Qa5 13. Nd3 Nxd3 14. Bxd3 Bxd3 15. Qxd3 Rfd8 16. Rfd1 Qh5 17. Qe2 Qxe2 18. Nxe2 Nd5 19. Nc1 Rac8 20. Nd3 Kf8 21. Kf1 Nb4 22. Ba3 Nxd3 23. Bxe7+ Kxe7 24. Rxd3 c5 25. Rad1 c4 26. Rc3 cxb3 27. Rxb3 b6 28. a5 bxa5 29. Ra1 Rd5 30. Rb7+ Rd7 31. Rb5 Rcc7 32. Rbxa5 g6 33. Ke2 Rc2+ 34. Kf3 Rcc7 35. R1a2 h6 36. h4 Kf6 37. Kg4 h5+ 38. Kf4 Rb7 39. f3 Rdc7 40. g4 hxg4 41. fxg4 Rc1 42. g5+ Kg7 43. Rxa7 Rf1+ 44. Kg3 Rxa7 45. Rxa7 Rg1+ 46. Kh2 Rg4 47. Kh3 Rg1 48. Ra2 Re1 49. Ra3 Rh1+ 50. Kg3 Rg1+ 51. Kf4 Rh1 52. Ra5 Rxh4+ 53. Ke5 Rh3 54. e4 Re3 55. Kf4 Re1 56. d5 exd5 57. exd5 Rf1+ 58. Ke4 Rf5 59. Ra8 Rxg5 60. d6 Rg4+ 61. Kd5 Kf6 62. d7 Ke7 63. d8Q# 1-0

[Event "Marianske Lazne op 12th"]
[Site "Marianske Lazne"]
[Date "2013.01.24"]
[Round "7"]
[White "Riha, Alexander"]
[Black "Voloshin, Pavel"]
[Result "1-0"]
[WhiteElo "2093"]
[BlackElo "1908"]
[PlyCount "81"]
[EventDate "2013.01.19"]
[EventType "swiss"]
[EventRounds "9"]
[EventCountry "CZE"]
[SourceTitle "CBM 152 Extra"]
[Source "ChessBase"]
[SourceDate "2013.02.25"]
[SourceVersion "1"]
[SourceVersionDate "2013.02.25"]
[SourceQuality "1"]

1. d4 e6 2. c4 c5 3. d5 exd5 4. cxd5 d6 5. e4 g6 6. Nc3 Bg7 7. f4 a6 8. a4 Ne7 9. Nf3 Bg4 10. h3 Bxf3 11. Qxf3 0-0 12. Be2 f5 13. g4 fxe4 14. Nxe4 Qb6 15. Kf1 Nd7 16. Ng5 Bf6 17. Ne6 Rf7 18. h4 Nf8 19. h5 Nxe6 20. dxe6 Rff8 21. hxg6 Nxg6 22. Bd3 Qc7 23. f5 Ne5 24. Qe2 Nxd3 25. Qxd3 c4 26. Qh3 c3 27. bxc3 Bxc3 28. Ra2 Be5 29. Rc2 Qe7 30. Bg5 Bf6 31. Bxf6 Rxf6 32. Rch2 h6 33. Qe3 Qc7 34. Rxh6 Qc4+ 35. Kf2 Qc2+ 36. Kg3 Rxh6 37. Rxh6 Qb2 38. Rg6+ Kf8 39. Qh6+ Ke8 40. Rg8+ Ke7 41. Qh7+ 1-0

[Event "Kecskemet Caissa Rating 11"]
[Site "Kecskemet"]
[Date "2010.11.23"]
[Round "8"]
[White "Rousseau, Daniel"]
[Black "Riha, Alexander"]
[Result "0-1"]
[WhiteElo "2077"]
[BlackElo "2077"]
[PlyCount "38"]
[EventDate "2010.11.19"]
[EventType "tourn"]
[EventRounds "10"]
[EventCountry "HUN"]
[SourceTitle "EXT 2013"]
[Source "ChessBase"]
[SourceDate "2012.11.22"]
[SourceVersion "1"]
[SourceVersionDate "2012.11.22"]
[SourceQuality "1"]

1. e4 e6 2. d4 d5 3. e5 c5 4. c3 Nc6 5. Nf3 Bd7 6. a3 Nh6 7. Bxh6 gxh6 8. b4 cxd4 9. cxd4 Bg7 10. Nbd2 0-0 11. Bd3 f6 12. Qb1 fxe5 13. Bxh7+ Kh8 14. dxe5 Nxe5 15. Ra2 Nxf3+ 16. Nxf3 e5 17. Rc2 e4 18. Nd2 Qg5 19. g3 Rxf2 0-1

[Event "Kecskemet Caissa Rating 11"]
[Site "Kecskemet"]
[Date "2010.11.22"]
[Round "7"]
[White "Riha, Alexander"]
[Black "Szente Varga, Fruzsina"]
[Result "1/2-1/2"]
[WhiteElo "2077"]
[BlackElo "1940"]
[PlyCount "75"]
[EventDate "2010.11.19"]
[EventType "tourn"]
[EventRounds "10"]
[EventCountry "HUN"]
[SourceTitle "EXT 2013"]
[Source "ChessBase"]
[SourceDate "2012.11.22"]
[SourceVersion "1"]
[SourceVersionDate "2012.11.22"]
[SourceQuality "1"]

1. d4 Nf6 2. c4 g6 3. Nc3 Bg7 4. e4 d6 5. f4 c5 6. d5 0-0 7. Nf3 e6 8. Be2 exd5 9. cxd5 Re8 10. e5 dxe5 11. fxe5 Ng4 12. e6 fxe6 13. d6 Ne5 14. 0-0 Nxf3+ 15. Bxf3 Bd4+ 16. Kh1 Qxd6 17. Nb5 Qd8 18. Qb3 Nc6 19. Bxc6 bxc6 20. Nxd4 cxd4 21. Bh6 Qd5 22. Qg3 e5 23. Qg5 Qd8 24. Rf6 Bf5 25. Rxf5 Qxg5 26. Rxg5 e4 27. Kg1 e3 28. Rg3 Kf7 29. Rf1+ Ke6 30. Bxe3 dxe3 31. Rxe3+ Kd5 32. Rd1+ Kc5 33. Rc3+ Kb6 34. Rd7 Rad8 35. Rb3+ Kc5 36. Rc3+ Kb6 37. Rb3+ Kc5 38. Rc3+ 1/2-1/2

[Event "Kecskemet Caissa Rating 11"]
[Site "Kecskemet"]
[Date "2010.11.21"]
[Round "5"]
[White "Riha, Alexander"]
[Black "Marosi, Csaba"]
[Result "1/2-1/2"]
[WhiteElo "2077"]
[BlackElo "2078"]
[PlyCount "28"]
[EventDate "2010.11.19"]
[EventType "tourn"]
[EventRounds "10"]
[EventCountry "HUN"]
[SourceTitle "EXT 2013"]
[Source "ChessBase"]
[SourceDate "2012.11.22"]
[SourceVersion "1"]
[SourceVersionDate "2012.11.22"]
[SourceQuality "1"]

1. d4 d5 2. c4 e6 3. Nc3 c5 4. cxd5 exd5 5. Nf3 Nc6 6. g3 Nf6 7. Bg2 Be7 8. 0-0 0-0 9. Bg5 cxd4 10. Nxd4 Bg4 11. Qa4 Ne5 12. e3 Bd7 13. Qd1 Bg4 14. Qa4 Bd7 1/2-1/2

[Event "Wattens op 14th"]
[Site "Wattens"]
[Date "1999.??.??"]
[Round "5"]
[White "Pieper, Harald"]
[Black "Riha, Alexander"]
[Result "1-0"]
[WhiteElo "1880"]
[BlackElo "1930"]
[PlyCount "91"]
[EventDate "1999.??.??"]
[EventType "swiss"]
[EventRounds "9"]
[EventCountry "AUT"]
[SourceTitle "EXT 2001"]
[Source "ChessBase"]
[SourceDate "2000.11.22"]
[SourceVersion "1"]
[SourceVersionDate "2000.11.22"]
[SourceQuality "1"]

1. d4 Nf6 2. Bg5 Ne4 3. Bh4 g5 4. Bg3 c5 5. Be5 Qa5+ 6. c3 f6 7. Bxb8 Rxb8 8. e3 cxd4 9. exd4 Qf5 10. f3 Nd6 11. Bd3 Qe6+ 12. Qe2 Qxe2+ 13. Nxe2 Bg7 14. Ng3 Kf7 15. Nd2 h6 16. h4 e6 17. Nh5 b6 18. Nxg7 Kxg7 19. 0-0-0 Bb7 20. Rh2 Nf5 21. Bxf5 exf5 22. Nc4 Bd5 23. Ne3 Bxa2 24. Nxf5+ Kg6 25. g4 Be6 26. Ne3 d5 27. Kd2 h5 28. hxg5 hxg4 29. Rxh8 Rxh8 30. fxg4 Rh2+ 31. Kd3 Kxg5 32. b4 Bxg4 33. Rg1 f5 34. Nxd5 f4 35. Nf6 Kxf6 36. Rxg4 Kf5 37. Rg7 Rh3+ 38. Kd2 Ke4 39. Re7+ Kf3 40. Rxa7 Kg2 41. c4 f3 42. Rf7 Rh8 43. Kd3 f2 44. c5 bxc5 45. bxc5 Rh3+ 46. Ke2 1-0

[Event "Seefeld op 09th"]
[Site "Seefeld"]
[Date "1998.??.??"]
[Round "1"]
[White "Igney, Volkhard"]
[Black "Riha, Alexander"]
[Result "1/2-1/2"]
[WhiteElo "2225"]
[BlackElo "1900"]
[PlyCount "30"]
[EventDate "1998.09.12"]
[EventType "swiss"]
[EventRounds "9"]
[EventCountry "AUT"]
[SourceTitle "EXT 2000"]
[Source "ChessBase"]
[SourceDate "1999.11.16"]
[SourceVersion "1"]
[SourceVersionDate "1999.11.16"]
[SourceQuality "1"]

1. d4 Nf6 2. c4 g6 3. Nc3 d5 4. Bf4 Bg7 5. Rc1 0-0 6. e3 c5 7. dxc5 Be6 8. Nf3 Nc6 9. Qa4 Ne4 10. Be2 Bxc3+ 11. bxc3 dxc4 12. 0-0 Nxc5 13. Qb5 Qa5 14. Bxc4 Qxb5 15. Bxb5 Bxa2 1/2-1/2

[Event "Seefeld op 09th"]
[Site "Seefeld"]
[Date "1998.??.??"]
[Round "3"]
[White "Mertens, Klaus"]
[Black "Riha, Alexander"]
[Result "1-0"]
[WhiteElo "2150"]
[BlackElo "1900"]
[PlyCount "85"]
[EventDate "1998.09.12"]
[EventType "swiss"]
[EventRounds "9"]
[EventCountry "AUT"]
[SourceTitle "EXT 2000"]
[Source "ChessBase"]
[SourceDate "1999.11.16"]
[SourceVersion "1"]
[SourceVersionDate "1999.11.16"]
[SourceQuality "1"]

1. d4 Nf6 2. c4 g6 3. Nc3 d5 4. cxd5 Nxd5 5. e4 Nxc3 6. bxc3 c5 7. Be3 Bg7 8. Qd2 Qa5 9. Rc1 0-0 10. Nf3 cxd4 11. cxd4 Qxd2+ 12. Nxd2 b6 13. Bb5 Ba6 14. Bxa6 Nxa6 15. Ke2 Rac8 16. a3 Nc7 17. a4 Rfd8 18. Nb3 Ne8 19. Kd3 Kf8 20. Rxc8 Rxc8 21. Rc1 Rxc1 22. Bxc1 Nd6 23. Ba3 Ke8 24. e5 Nc8 25. Ke4 e6 26. Nd2 Bf8 27. Bxf8 Kxf8 28. d5 exd5+ 29. Kxd5 Ke7 30. Ne4 a6 31. f4 b5 32. a5 h6 33. Nc5 Na7 34. Nxa6 Kd7 35. Nb4 Kc7 36. Kc5 Kb7 37. g4 Kc7 38. f5 gxf5 39. gxf5 Nc8 40. Nd5+ Kd7 41. Kxb5 Na7+ 42. Kb6 Nc6 43. a6 1-0

[Event "Seefeld op 09th"]
[Site "Seefeld"]
[Date "1998.??.??"]
[Round "2"]
[White "Riha, Alexander"]
[Black "Schmidt, Juergen"]
[Result "1/2-1/2"]
[WhiteElo "1900"]
[BlackElo "2195"]
[PlyCount "56"]
[EventDate "1998.09.12"]
[EventType "swiss"]
[EventRounds "9"]
[EventCountry "AUT"]
[SourceTitle "EXT 2000"]
[Source "ChessBase"]
[SourceDate "1999.11.16"]
[SourceVersion "1"]
[SourceVersionDate "1999.11.16"]
[SourceQuality "1"]

1. d4 Nf6 2. c4 e6 3. Nc3 d5 4. cxd5 exd5 5. Bg5 Be7 6. Qc2 0-0 7. e3 c6 8. Bd3 Nbd7 9. Nf3 Re8 10. 0-0 Nf8 11. Rab1 Ne4 12. Bxe7 Qxe7 13. b4 a6 14. a4 Ng6 15. b5 axb5 16. axb5 Ra3 17. Bxe4 dxe4 18. Nd2 f5 19. bxc6 bxc6 20. Ne2 Ba6 21. Nc4 Bxc4 22. Qxc4+ Qe6 23. Qxe6+ Rxe6 24. Ra1 Rb3 25. Rfb1 Rxb1+ 26. Rxb1 Kf7 27. Rb7+ Re7 28. Rxe7+ Nxe7 1/2-1/2